• 首页
  • 本馆介绍
  • 公告通知
  • 最新文献
  • 馆藏检索
  • 电子资源
  • 读者荐购
  • 参考咨询
  • CALIS
  • 我的图书馆
  • 登录
  • 详细信息显示
  • 放入我的书架
  • 预约/预借图书
  • 作者相关作品
  • 分类相关作品
  • 丛书相关作品
  • 出版社相关作品

书目信息

  • 表格格式
  • 工作单格式
  • 卡片格式
题名:
水利工程与环境保护
    
 
作者: 姜忠峰 , 郭一飞 著
分册:  
出版信息: 北京   地质出版社  2018.07
页数: 242页
开本: 20cm
丛书名:
单 册:
中图分类: X52
科图分类:
主题词: 水污染 , 水污染--污染防治
电子资源:
ISBN: 978-7-116-10936-0
 
 
 
 
 
000 00657nam0 2200217 450
001 2659748059
005 20260326163711.90
010    @a978-7-116-10936-0@dCNY68.00
100    @a20260326d2018 km y0chiy0120 ea
101 0  @achi
102    @aCN@b110000
200 1  @a水利工程与环境保护@AShui Li Gong Cheng Yu Huan Jing Bao Hu@f姜忠峰, 郭一飞著@FJiang Zhong Feng,Guo Yi Fei Zhu
210    @a北京@c地质出版社@d2018.07
215    @a242页@d20cm
606 0  @a水污染
606 0  @a水污染@x污染防治
690    @aX52@v4
701  0 @a姜忠峰@AJiang Zhong Feng@4著
701  0 @a郭一飞@AGuo Yi Fei@4著
801  0 @aCN@b河南城建学院图书馆@c20260326
905    @dX52@eJ531
    
    水利工程与环境保护/姜忠峰, 郭一飞著.-北京:地质出版社,2018.07
    242页;20cm
    
    
    ISBN 978-7-116-10936-0:CNY68.00
    
●
相关链接 在E读中查询图书 在当当中查询图书 在豆瓣中查询图书


正题名:水利工程与环境保护     索取号:X52/J531         预约/预借

序号 登录号 条形码 馆藏地/架位号 状态 备注
1 0387944   203879446   自科库501/ [索取号:X52/J531] 在馆    
河南城建学院图书馆 欢迎您!
大连网信软件有限公司© 版权所有